|
|
|
|
| LEADER |
00990nam a2200253 a 4500 |
| 001 |
205030 |
| 008 |
090916s1999 mau 001 0 eng d |
| 010 |
|
|
|a 99064775
|
| 020 |
|
|
|a 9780141031439
|
| 020 |
|
|
|a 0738201081
|
| 040 |
|
|
|a DLC
|c DLC
|d DLC
|
| 082 |
0 |
0 |
|a 500
|2 21
|
| 100 |
1 |
|
|a Feynman, Richard Phillips.
|
| 245 |
1 |
4 |
|a The pleasure of finding things out :
|b the best short works of Richard P. Feynman /
|c by Richard P. Feynman ; edited by Jeffrey Robbins ; foreword by Freeman Dyson.
|
| 260 |
|
|
|a Cambridge, Mass. :
|b Perseus Books, ;
|a London :
|b Penguin,
|c c1999.
|
| 300 |
|
|
|a xvi, 270 p. ;
|c 22 cm.
|
| 490 |
0 |
|
|a Helix books
|
| 504 |
|
|
|a Includes index.
|
| 541 |
1 |
|
|e 00019280
|
| 650 |
|
0 |
|a Science.
|
| 700 |
1 |
|
|a Robbins, Jeffrey.
|
| 852 |
4 |
|
|a Ayesha Abed Library
|j General shelf
|
| 999 |
|
|
|c 3977
|d 3977
|
| 952 |
|
|
|0 0
|1 0
|2 ddc
|4 0
|6 500_FEY_199900000000000
|7 0
|9 3665
|a BRACUL
|b BRACUL
|c GEN
|d 2009-09-15
|e Prothoma
|g 695.00
|l 12
|m 105
|o 500 FEY
|p 3010019280
|r 2025-12-10
|s 2025-11-03
|t 1
|w 2009-09-17
|y BK
|